2a edició del Cercle de Comparació Intermunicipal d'Espais Escènics : resultats any 2008 : versió de lliure difusió resultats any 2008 :
Publicado:
Barcelona :
Diputació de Barcelona. Àrea de Cultura. Oficina de Difusió Artística : Àrea d'Hisenda i Recursos Interns. Servei de Programació ,
2009
Descripción Física:
108 p. : gràf., col. ; 29 cm
MARC
| LEADER | 00000nam a2200000Ia 4500 | ||
|---|---|---|---|
| 001 | 22919 | ||
| 008 | 160829s2009 xx 000 0 cat d | ||
| 080 | |a B-2-226 | ||
| 245 | |a 2a edició del Cercle de Comparació Intermunicipal d'Espais Escènics : |b resultats any 2008 : |b versió de lliure difusió | ||
| 260 | |a Barcelona: |b Diputació de Barcelona. Àrea de Cultura. Oficina de Difusió Artística : |b Àrea d'Hisenda i Recursos Interns. Servei de Programació, |c 2009 | ||
| 300 | |a 108 p. : |b gràf., col. ; |c 29 cm | ||
| 650 | 0 | |a Arts de l'espectacle |z Barcelona (Catalunya : Província) |v Congressos |9 28598 | |
| 710 | 1 | |a Barcelona (Catalunya : Província). |b Oficina de Difusió Artística |9 52669 | |
| 710 | 2 | |a Cercles de Comparació Intermunicipal |9 53629 | |
| 710 | |a Barcelona (Catalunya : Província). |b Servei de Programació |9 53631 | ||
| 901 | |a Arxiu | ||
| 942 | |n 1 | ||
| 952 | |0 0 |1 0 |4 0 |6 B2226 |7 1 |9 44883 |a Arxiu |b Arxiu |d 2016-12-01 |l 0 |o B-2-226 |p 22919 |r 2016-12-01 00:00:00 |w 2016-12-01 |y ARXIU | ||
| 999 | |c 47481 |d 47481 | ||